Statistics for Ballon d'Or Winners

Click here to take the quiz!

General Stats

  • This quiz has been taken 79 times
    (49 since last reset)
  • The average score is 47 of 66

Answer Stats

YearNationWinner% Correct
2017PortugalCristiano Ronaldo
100%
2016PortugalCristiano Ronaldo
100%
2014PortugalCristiano Ronaldo
100%
2013PortugalCristiano Ronaldo
100%
2008PortugalCristiano Ronaldo
100%
2009ArgentinaLionel Messi
100%
2019ArgentinaLionel Messi
100%
2021ArgentinaLionel Messi
100%
2015ArgentinaLionel Messi
100%
2012ArgentinaLionel Messi
100%
2011ArgentinaLionel Messi
100%
2010ArgentinaLionel Messi
100%
2002BrazilRonaldo
100%
1997BrazilRonaldo
100%
2022FranceKarim Benzema
98%
2018CroatiaLuka Modrić
98%
2005BrazilRonaldinho
91%
2007BrazilKaká
89%
1998FranceZinedine Zidane
86%
2004UkraineAndriy Shevchenko
84%
2006ItalyFabio Cannavaro
84%
1995LiberiaGeorge Weah
80%
1973NetherlandsJohan Cruyff
80%
1971NetherlandsJohan Cruyff
80%
1974NetherlandsJohan Cruyff
80%
2000PortugalLuís Figo
80%
2001EnglandMichael Owen
80%
2003Czech RepublicPavel Nedvěd
80%
1999BrazilRivaldo
80%
1983FranceMichel Platini
77%
1984FranceMichel Platini
77%
1985FranceMichel Platini
77%
1957Argentina/SpainAlfredo Di Stéfano
75%
1959Argentina/SpainAlfredo Di Stéfano
75%
1963Soviet UnionLev Yashin
75%
1970West GermanyGerd Müller
73%
1987NetherlandsRuud Gullit
70%
1965PortugalEusébio
68%
1972West GermanyFranz Beckenbauer
68%
1976West GermanyFranz Beckenbauer
68%
1993ItalyRoberto Baggio
68%
1968Northern IrelandGeorge Best
66%
1988NetherlandsMarco van Basten
66%
1989NetherlandsMarco van Basten
66%
1992NetherlandsMarco van Basten
66%
1994BulgariaHristo Stoichkov
64%
1966EnglandBobby Charlton
61%
1990West GermanyLothar Matthäus
61%
1991FranceJean-Pierre Papin
50%
1982ItalyPaolo Rossi
50%
1964ScotlandDenis Law
48%
1996GermanyMatthias Sammer
48%
1980West GermanyKarl-Heinz Rummenigge
45%
1981West GermanyKarl-Heinz Rummenigge
45%
1960SpainLuis Suárez
43%
1978EnglandKevin Keegan
41%
1979EnglandKevin Keegan
41%
1956EnglandStanley Matthews
41%
1958FranceRaymond Kopa
34%
1977DenmarkAllan Simonsen
32%
1967HungaryFlórián Albert
32%
1969ItalyGianni Rivera
32%
1986Soviet UnionIgor Belanov
32%
1975Soviet UnionOleg Blokhin
32%
1962CzechoslovakiaJosef Masopust
30%
1961Argentina/ItalyOmar Sívori
25%

Score Distribution

Percentile by Number Answered

Percent of People with Each Score

Your Score History

You have not taken this quiz since the last reset